000 00495 a2200109 4500
245 0 _aFachwoerter des Fernmeldewesens :
_bAbkuerzungen, Begriffsbestimmungen,Formelzeichen usw. /
_c.
250 _a3.,verbesserte und erweiterte Aufl..
710 2 _aInstitut zur Entwicklung moderner Unterrichtsmedien.
_eWydawca
_4pbl
260 _aBremen :
_bInstitut zur Entwicklung moderner Unterrichtsmedien,
_c1975.
300 _a375 s.;
_c24 cm.
490 1 _aSchriftenreihe Datenverarbeitung
830 0 _aSchriftenreihe Datenverarbeitung
999 _c4940
_d4940